000 00593nam a2200253Ia 4500
005 20260121153851.0
008 008 260114s9999 xx 000 0 eng d
020 _a9781315784694
037 _aEBOOK
040 _aCRL
040 _beng
040 _cCRL
041 _2eng
041 _aeng
084 _qCRL
100 _aMartyn Barrett
_91000121
245 4 _aThe Development of Language
260 _bTaylor and Francis
260 _c1999
856 _uhttp://www.taylorfrancis.com/books/9781315784694
942 _cEBOOK
999 _c1566942
_d1566942